01277nam a2200289 a 450000500170000000800410001702000080005804100080006609200170007410000350009124500610012625000110018726000380019830000150023650001180025165300280036965300280039765300250042565300240045065300250047465300300049965302000052970000210072994200120075099900150076295202100077720240325103351.0100326t1950 ag a f||||||||||||spa d aS/N aspa c616l65sPAD1 aPadilla, Tiburcio.91580eDir. aSindromes Clínicos.b(en esquemas) /cTiburcio Padilla a6a ed. aBuenos Aires: bEl Ateneo;c1950. a75 p.bil. aPadilla, T. y Cossio, P. (Dir.). (1950). Síndromes Clínicos. En esquemas. (6a ed.). Buenos Aires : El Ateneo. aSindromes circulatorios aSindromes respiratorios aSindromes digestivos aSindromes nerviosos aSindromes endocrinos aSindromes de avitaminosos aMiscelanea: Sindrome de deshidratación. Acidosis. Alcalosis. Mieloma múltiple. Osteítis deformante. Sindrome de insuficiencia renal. Glomérulonefritis aguda (nefritis hemorrágica aguda)1 aCossio, P.eDir. 2ddccBK c2219d2219 00102ddc4070aBFMbBFMcCRd2015-09-22eDonación Jaime Novodvoretz, Septiembre 2015l3m2o616 65 PADp3559r2018-06-01s2018-05-22tEj.1w2015-09-22yBKzDonación Jaime Novodvoretz, Septiembre 2015